000 00681nam a2200241Ia 4500
003 OSt
005 20221005123207.0
006 a|||||r|||| 00| 0
007 ta
008 221004b |||||||| |||| 00| 0 urd d
020 _c156
024 _a113978
037 _b5543/1, 18/03/2009, Modern Publishing House
_cTextual
040 _aCRL
_cCRL
_burd
041 _2urd
_aurd
082 _aO168,2M79x, P4.3
100 _aYawar Yaqoob
_9633318
245 0 _aKulliyat e Agha Hashr
260 _c2004
650 _aURDU LANGUAGE
942 _hO168,2M79x, P4.3
_cTEXL
_2cc
999 _c1046684
_d1046684